| 000 | 00408nam a22001697a 4500 | ||
|---|---|---|---|
| 005 | 20260331155319.0 | ||
| 008 | 160629b xxu||||| |||| 00| 0 eng d | ||
| 020 | _a0-7852-6785-9 | ||
| 041 | _aeng | ||
| 082 | _b10886 | ||
| 100 |
_aJohn C. Maxwell. _98915 |
||
| 245 | _aThe 21 Most Powerful Minutes in a Leader’s Day | ||
| 260 | _bThomson Nelson | ||
| 300 | _a368 | ||
| 650 | _aManagement | ||
| 942 | _cBK | ||
| 999 |
_c4796 _d4794 |
||